[Event "COL-ch sf"]
[Site "Bogota"]
[Date "2020.11.15"]
[Round "7"]
[White "Rodriguez M, Julian Enrique"]
[Black "Lozano Ramirez, Nestor Favian"]
[Result "0-1"]
[WhiteElo "2098"]
[BlackElo "2242"]
[PlyCount "75"]
[EventDate "2020.11.12"]
[EventType "swiss"]
[EventRounds "8"]
[EventCountry "COL"]
[SourceTitle "CBM 199 Extra"]
[Source "ChessBase"]
[SourceDate "2021.01.31"]
[SourceVersion "1"]
[SourceVersionDate "2021.01.31"]
[SourceQuality "1"]

1. d4 g6 2. e4 Bg7 3. Nc3 c5 4. Nge2 cxd4 5. Nxd4 Nc6 6. Nb3 Nf6 7. Be2 0-0 8. h4 a5 9. a4 d5 10. exd5 Nb4 11. Bf3 Bf5 12. Nd4 Nfxd5 13. Nxd5 Bxd4 14. Nxb4 axb4 15. 0-0 Rc8 16. Bh6 Re8 17. c3 bxc3 18. bxc3 Bxc3 19. Bxb7 Rc7 20. Bf3 Bxa1 21. Qxa1 e5 22. Bg5 Qd4 23. a5 Be4 24. Be2 Rc2 25. Qe1 Rxe2 26. Qxe2 Bd3 27. Qd1 Bxf1 28. Qxf1 Qa4 29. Qa6 h6 30. Bxh6 Qxh4 31. Be3 Rd8 32. Qe2 Qa4 33. g3 Qa1+ 34. Kh2 Qxa5 35. Bh6 Qd5 36. Qg4 Qd1 37. f3 Qc2+ 38. Kh3 0-1

[Event "COL-ch sf"]
[Site "Bogota"]
[Date "2020.11.15"]
[Round "6"]
[White "Ruiz Castillo, Joshua Daniel"]
[Black "Rodriguez M, Julian Enrique"]
[Result "1-0"]
[WhiteElo "2498"]
[BlackElo "2098"]
[PlyCount "73"]
[EventDate "2020.11.12"]
[EventType "swiss"]
[EventRounds "8"]
[EventCountry "COL"]
[SourceTitle "CBM 199 Extra"]
[Source "ChessBase"]
[SourceDate "2021.01.31"]
[SourceVersion "1"]
[SourceVersionDate "2021.01.31"]
[SourceQuality "1"]

1. Nf3 Nf6 2. g3 c5 3. Bg2 d5 4. 0-0 Nc6 5. c4 e5 6. cxd5 Nxd5 7. Nc3 Be6 8. Ng5 Qxg5 9. Nxd5 0-0-0 10. Nc3 Nd4 11. e3 Nf5 12. Qa4 Kb8 13. d4 Qe7 14. dxe5 Qc7 15. Rd1 Rxd1+ 16. Qxd1 Be7 17. e4 Nd4 18. Nd5 Qd7 19. Be3 Bd8 20. Bxd4 cxd4 21. Qxd4 h5 22. Rd1 h4 23. a3 hxg3 24. hxg3 Bg4 25. Rd3 Qc8 26. Qc3 Qe6 27. Qd4 Qh6 28. Ne3 Be6 29. Rc3 Bb6 30. Qd6+ Ka8 31. Nd5 Qh2+ 32. Kf1 Bh3 33. Nxb6+ axb6 34. Bxh3 Qh1+ 35. Ke2 Qxe4+ 36. Kd2 Rxh3 37. Qxb6 1-0

[Event "COL-ch sf"]
[Site "Bogota"]
[Date "2020.11.12"]
[Round "1"]
[White "Rodriguez M, Julian Enrique"]
[Black "Cayon, Laura Valentina"]
[Result "1-0"]
[WhiteElo "2098"]
[BlackElo "1716"]
[PlyCount "28"]
[EventDate "2020.11.12"]
[EventType "swiss"]
[EventRounds "8"]
[EventCountry "COL"]
[SourceTitle "CBM 199 Extra"]
[Source "ChessBase"]
[SourceDate "2021.01.31"]
[SourceVersion "1"]
[SourceVersionDate "2021.01.31"]
[SourceQuality "1"]

1. d4 Nf6 2. c4 e6 3. Nc3 Be7 4. e4 d6 5. Nge2 0-0 6. f3 e5 7. Be3 Nbd7 8. Qd2 h5 9. g4 exd4 10. Nxd4 Ne5 11. Be2 Be6 12. Nxe6 fxe6 13. 0-0-0 Qd7 14. h4 Rad8 1-0

[Event "Bogota IRT Menor U2100 op"]
[Site "Bogota"]
[Date "2013.12.19"]
[Round "7.1"]
[White "Rodriguez M, Julian Enrique"]
[Black "Acuna, Camilo"]
[Result "1/2-1/2"]
[WhiteElo "2102"]
[BlackElo "2087"]
[PlyCount "77"]
[EventDate "2013.12.18"]
[EventType "swiss"]
[EventRounds "9"]
[EventCountry "COL"]
[SourceTitle "EXT 2024"]
[Source "ChessBase"]
[SourceDate "2023.10.10"]
[SourceVersion "1"]
[SourceVersionDate "2023.10.10"]
[SourceQuality "1"]

1. d4 Nf6 2. c4 g6 3. Nc3 Bg7 4. e4 d6 5. Nge2 0-0 6. f3 Nbd7 7. Be3 c5 8. Qd2 a6 9. d5 Ne5 10. Nc1 Nh5 11. Be2 f5 12. exf5 gxf5 13. g3 Rb8 14. a4 Qa5 15. Ra3 Bd7 16. 0-0 Rf7 17. Kh1 Rbf8 18. f4 Ng4 19. Bxg4 fxg4 20. Ne4 Qxd2 21. Bxd2 b5 22. axb5 axb5 23. b3 h6 24. Ra7 Be8 25. Re1 Nf6 26. Nxf6+ Bxf6 27. Ne2 b4 28. h4 gxh3 29. Ng1 Rg7 30. Kh2 Bg6 31. f5 Bxf5 32. Bxh6 Bc2 33. Bxg7 Kxg7 34. Re3 Bg5 35. Rf3 Bd1 36. Rd3 Bc2 37. Rf3 Bd1 38. Rd3 Bc2 39. Rf3 1/2-1/2

[Event "Bogota IRT Menor U2100 op"]
[Site "Bogota"]
[Date "2013.12.18"]
[Round "5.4"]
[White "Rodriguez M, Julian Enrique"]
[Black "Nieto, Manuel Valerio Wald"]
[Result "1-0"]
[WhiteElo "2102"]
[BlackElo "2026"]
[PlyCount "53"]
[EventDate "2013.12.18"]
[EventType "swiss"]
[EventRounds "9"]
[EventCountry "COL"]
[SourceTitle "EXT 2024"]
[Source "ChessBase"]
[SourceDate "2023.10.10"]
[SourceVersion "1"]
[SourceVersionDate "2023.10.10"]
[SourceQuality "1"]

1. d4 Nf6 2. c4 e6 3. Nc3 Bb4 4. f3 d5 5. e3 c5 6. a3 Bxc3+ 7. bxc3 0-0 8. cxd5 Nxd5 9. Bd2 b6 10. Bd3 Ba6 11. Bb1 cxd4 12. cxd4 Qc7 13. Ne2 Bxe2 14. Qxe2 Nd7 15. 0-0 Rac8 16. Qd3 g6 17. Rc1 Qb8 18. Ba2 Rxc1+ 19. Rxc1 Rc8 20. e4 Rxc1+ 21. Bxc1 Qc7 22. Bb2 Ne7 23. g3 Qd6 24. Kg2 Nc6 25. Qc3 Ne7 26. Bc4 h5 27. f4 1-0

[Event "Porlamar op 4th"]
[Site "Porlamar"]
[Date "2012.06.10"]
[Round "8"]
[White "Rodriguez M, Julian Enrique"]
[Black "Rondon Chacon, Rene Ibrahim"]
[Result "1-0"]
[WhiteElo "2056"]
[BlackElo "2088"]
[PlyCount "93"]
[EventDate "2012.06.06"]
[EventType "swiss"]
[EventRounds "9"]
[EventCountry "VEN"]
[SourceTitle "EXT 2014"]
[Source "ChessBase"]
[SourceDate "2013.11.20"]
[SourceVersion "1"]
[SourceVersionDate "2013.11.20"]
[SourceQuality "1"]

1. d4 d5 2. c4 e6 3. Nc3 Nf6 4. Bg5 Be7 5. Nf3 a6 6. cxd5 exd5 7. Qc2 0-0 8. e3 h6 9. Bh4 Be6 10. Bd3 Nbd7 11. 0-0 c5 12. dxc5 Nxc5 13. Bf5 Rc8 14. Nd4 Qd7 15. Rfd1 Nfe4 16. Bxe7 Qxe7 17. Nxd5 Bxd5 18. Bxc8 Rxc8 19. Nf5 Qe6 20. Rxd5 g6 21. f3 gxf5 22. fxe4 Nxe4 23. Qd3 Rc5 24. Rd1 Kh7 25. Rxc5 Nxc5 26. Qd4 b6 27. b3 a5 28. Qf4 Ne4 29. Rf1 Kg6 30. h3 h5 31. Rd1 Qc6 32. g4 hxg4 33. hxg4 fxg4 34. Qxg4+ Ng5 35. Rf1 Qc5 36. Kf2 Qc2+ 37. Kg3 f6 38. e4 Qc7+ 39. Kg2 Qc2+ 40. Rf2 Qc3 41. Qf5+ Kh5 42. Qxf6 Qh3+ 43. Kg1 Qg4+ 44. Rg2 Qd1+ 45. Kh2 Nf3+ 46. Kg3 Qe1+ 47. Kxf3 1-0

[Event "Porlamar op 4th"]
[Site "Porlamar"]
[Date "2012.06.09"]
[Round "6"]
[White "Rodriguez M, Julian Enrique"]
[Black "Romagnone, Ivano"]
[Result "1-0"]
[WhiteElo "2056"]
[BlackElo "1952"]
[PlyCount "57"]
[EventDate "2012.06.06"]
[EventType "swiss"]
[EventRounds "9"]
[EventCountry "VEN"]
[SourceTitle "EXT 2014"]
[Source "ChessBase"]
[SourceDate "2013.11.20"]
[SourceVersion "1"]
[SourceVersionDate "2013.11.20"]
[SourceQuality "1"]

1. d4 Nf6 2. Nc3 d5 3. Bg5 Bf5 4. f3 e6 5. e4 dxe4 6. fxe4 Bg6 7. e5 h6 8. Bh4 Bh5 9. Bxf6 gxf6 10. Qxh5 Qxd4 11. exf6 Bc5 12. Qf3 c6 13. Bd3 Qh4+ 14. g3 Qg5 15. Nge2 Bb6 16. Ne4 Qa5+ 17. c3 Bc7 18. a4 Nd7 19. b4 Qd5 20. Nd2 Qg5 21. h4 Qg8 22. Nc4 Rd8 23. Rd1 h5 24. Be4 Rh6 25. Nd6+ Kf8 26. Nxb7 Rxf6 27. Qg2 Bb6 28. Rf1 Rxf1+ 29. Qxf1 1-0

[Event "Bogota Semana Santa op"]
[Site "Bogota"]
[Date "2012.04.04"]
[Round "2"]
[White "Fernandez Reyes, Lisandro"]
[Black "Rodriguez M, Julian Enrique"]
[Result "1-0"]
[WhiteElo "2368"]
[BlackElo "2125"]
[PlyCount "91"]
[EventDate "2012.04.04"]
[EventType "swiss"]
[EventRounds "9"]
[EventCountry "COL"]
[SourceTitle "CBM 147 Extra"]
[Source "ChessBase"]
[SourceDate "2012.04.24"]
[SourceVersion "1"]
[SourceVersionDate "2012.04.24"]
[SourceQuality "1"]

1. d4 Nf6 2. Nf3 c5 3. d5 g6 4. Nc3 d6 5. g3 Bg7 6. Bg2 0-0 7. 0-0 Nbd7 8. a4 Rb8 9. Nd2 b6 10. Nc4 a6 11. e4 Qc7 12. Na3 Ne8 13. h3 e5 14. dxe6 fxe6 15. f4 Ndf6 16. e5 dxe5 17. fxe5 Nd7 18. Rxf8+ Kxf8 19. Bf4 Bxe5 20. Nab5 axb5 21. Nxb5 Bxf4 22. Nxc7 Bxc7 23. Qf3+ Kg7 24. Rf1 Nd6 25. Qc6 Rb7 26. Rd1 Ne5 27. Qxd6 Bxd6 28. Bxb7 Bxb7 29. Rxd6 Bc6 30. Rxe6 Nf3+ 31. Kf2 Nd4 32. Re7+ Kf6 33. Rxh7 Nxc2 34. Ra7 Nb4 35. Ke2 Kf5 36. a5 b5 37. Rc7 Ke6 38. a6 Kd6 39. Rg7 Nxa6 40. Rxg6+ Kd5 41. h4 b4 42. h5 Be8 43. Rg5+ Kd4 44. h6 Bb5+ 45. Kd2 Bd3 46. Rg4+ 1-0

[Event "Bogota Mayores Distrital op 03"]
[Site "Bogota"]
[Date "2011.03.19"]
[Round "3.4"]
[White "Rodriguez M, Julian Enrique"]
[Black "Pinzon, Edgar Andres"]
[Result "1-0"]
[WhiteElo "2053"]
[BlackElo "2046"]
[PlyCount "33"]
[EventDate "2011.03.18"]
[EventType "swiss"]
[EventRounds "7"]
[EventCountry "COL"]
[SourceTitle "EXT 2024"]
[Source "ChessBase"]
[SourceDate "2023.10.10"]
[SourceVersion "1"]
[SourceVersionDate "2023.10.10"]
[SourceQuality "1"]

1. d4 d5 2. c4 e6 3. Nc3 f5 4. e4 Nf6 5. e5 Ne4 6. Nxe4 fxe4 7. f3 Nc6 8. a3 dxc4 9. Be3 Qd5 10. Qd2 Be7 11. fxe4 Qxe4 12. Nf3 Na5 13. Qxa5 Qxe3+ 14. Be2 0-0 15. Qd2 Bh4+ 16. Kd1 Bf2 17. Rf1 1-0

[Event "Bogota Distrital op"]
[Site "Bogota"]
[Date "2011.02.05"]
[Round "3"]
[White "Rodriguez M, Julian Enrique"]
[Black "Acosta, Alejandro"]
[Result "1/2-1/2"]
[WhiteElo "2058"]
[BlackElo "2318"]
[PlyCount "72"]
[EventDate "2011.02.03"]
[EventType "swiss"]
[EventRounds "7"]
[EventCountry "COL"]
[SourceTitle "CBM 140 Extra"]
[Source "ChessBase"]
[SourceDate "2011.03.01"]
[SourceVersion "1"]
[SourceVersionDate "2011.03.01"]
[SourceQuality "1"]

1. d4 d5 2. c4 c6 3. Nc3 e6 4. e4 dxe4 5. f3 exf3 6. Nxf3 Nf6 7. Bd3 c5 8. d5 Be7 9. Bf4 Bd6 10. Bg5 exd5 11. Nxd5 Be6 12. 0-0 Bxd5 13. cxd5 0-0 14. Qa4 c4 15. Qxc4 Nbd7 16. Qh4 Qb6+ 17. Nd4 Qxd4+ 18. Qxd4 Bc5 19. Bxf6 gxf6 20. Qxc5 Nxc5 21. Bc2 Rad8 22. Rad1 Rd6 23. Rd4 Re8 24. Rg4+ Kf8 25. b4 Nd7 26. Bxh7 Re2 27. Bf5 Ne5 28. Rd4 b5 29. h4 Rxa2 30. Rf2 Ra4 31. Bc2 Ra1+ 32. Kh2 a5 33. bxa5 Rxa5 34. Bb3 Ra3 35. Rb2 f5 36. Bd1 Ra5 1/2-1/2